Dhorai Charit Manas / (Record no. 150312)
[ view plain ]
| 000 -LEADER | |
|---|---|
| fixed length control field | 00820nam a22002177a 4500 |
| 005 - DATE AND TIME OF LATEST TRANSACTION | |
| control field | 20180310113142.0 |
| 010 ## - LCCN (DPL NO) | |
| LC control number | B-663983 |
| 020 ## - INTERNATIONAL STANDARD BOOK NUMBER | |
| International Standard Book Number | 9788126033331 |
| Terms of availability | 200.00 |
| 035 ## - SYSTEM CONTROL NUMBER | |
| System control number | B-663983 |
| 037 ## - SOURCE OF ACQUISITION | |
| Stock number | dpl |
| Source of stock number/acquisition | PBD |
| 082 ## - DEWEY DECIMAL CLASSIFICATION NUMBER | |
| Classification number | 891.44371 |
| 100 ## - MAIN ENTRY--PERSONAL NAME | |
| Personal name | Bhaduri, Satinath |
| 245 ## - TITLE STATEMENT | |
| Title | Dhorai Charit Manas / |
| Statement of responsibility, etc | by Satinath Bhaduri ; translated from Bengali by Ipshita Chanda |
| 260 ## - PUBLICATION, DISTRIBUTION, ETC. (IMPRINT) | |
| Place of publication, distribution, etc | New Delhi |
| Name of publisher, distributor, etc | Sahitya Akademi |
| Date of publication, distribution, etc | 2014 |
| 270 ## - ADDRESS | |
| Address | Swati, Mandir Marg, |
| City | New Delhi |
| Postal code | 110001 |
| 300 ## - PHYSICAL DESCRIPTION | |
| Extent | xiv,343p. |
| Dimensions | 23cm(Hb) |
| 490 ## - SERIES STATEMENT | |
| Series statement | Katha Bharti Series |
| 700 ## - ADDED ENTRY--PERSONAL NAME | |
| Personal name | Chanda, Ipshita |
| 942 ## - ADDED ENTRY ELEMENTS (KOHA) | |
| Source of classification or shelving scheme | Dewey Decimal Classification |
| Item type | English Books |
| Call number suffix | BHA |
| Classification part | 891.44371 |
| Withdrawn status | Lost status | Not for loan | Collection code | Home library | Current library | Date acquired | Source of acquisition | Cost, normal purchase price | Full call number | Barcode | Copy number | Cost, replacement price | Koha item type |
|---|---|---|---|---|---|---|---|---|---|---|---|---|---|
| Non-fiction | Ashok Vihar | Ashok Vihar | 10/03/2018 | PBD/0079/16-17/27.2.2017/EN/AV/427/15.2.2017/1.3.2017 | 200.00 | 891.44371 BHA | B-663983 | 1 | 200.00 | English Books |
